| 000 | 00407nam a2200145Ia 4500 | ||
|---|---|---|---|
| 008 | 210430s9999 xx 000 0 und d | ||
| 020 | _a978-0071391092 | ||
| 082 | _a665.5 M6121 H | ||
| 100 |
_aRobert A Meyers _954063 |
||
| 245 |
_aHandbook of Petroleum refining Processes / _cRobert A Meyers |
||
| 250 | _a3rd edition | ||
| 260 |
_aNew York _bMcGraw Hill _c2010 |
||
| 300 | _a15.40p. | ||
| 942 |
_cBK _2ddc |
||
| 999 |
_c564524 _d564524 |
||